000 00498nam a2200169Ia 4500
003 GCL
008 140319s9999 xx 000 0 ara d
040 _aGCL /
_cGCL
082 0 4 _aد
_b050
_bش ز
245 1 0 _aالزهور العدد62 يناير 2006
260 _a[S.N] :
_bشركة النيل للاعلام والنشر المحدودة ،
_c2006
650 0 4 _aالحج
650 0 4 _aطهى اللحوم
650 0 4 _aالمرأة - تصويت
650 0 4 _aالتلعثم
942 _2ddc
_cCR
999 _c7866
_d7866